[Event "Bodensee Seniors op"]
[Site "Bregenz"]
[Date "2023.05.19"]
[Round "7"]
[White "Wolf, Volker"]
[Black "Reiss, Siegfried"]
[Result "1-0"]
[WhiteElo "2232"]
[BlackElo "1968"]
[PlyCount "103"]
[EventDate "2023.05.13"]
[EventType "swiss"]
[EventRounds "7"]
[EventCountry "AUT"]
[SourceTitle "CBM 214 Extra"]
[Source "ChessBase"]
[SourceDate "2023.07.31"]
[SourceVersion "1"]
[SourceVersionDate "2023.07.31"]
[SourceQuality "1"]

1. g3 d5 2. Bg2 Nc6 3. d3 Nf6 4. Nf3 Bg4 5. h3 Bf5 6. 0-0 e6 7. a3 Be7 8. b4 0-0 9. Nh4 Bg6 10. Bb2 Qd6 11. Nxg6 hxg6 12. Nd2 Nh5 13. c4 Bf6 14. Bxf6 Nxf6 15. e3 Ne5 16. cxd5 exd5 17. d4 Ned7 18. Qb3 Rfe8 19. Rac1 b5 20. Qc3 Rac8 21. Qc6 Qxc6 22. Rxc6 Nb8 23. Rc3 c6 24. Rfc1 Kf8 25. f3 Nfd7 26. e4 Nb6 27. Kf2 Ke7 28. h4 Kd6 29. Nb3 Nc4 30. Nc5 Rc7 31. e5+ Ke7 32. Bh3 Kd8 33. f4 f5 34. h5 gxh5 35. Bxf5 Rce7 36. Rh1 Rh8 37. Bg6 Nd7 38. Nxd7 Rxd7 39. Rxh5 Rxh5 40. Bxh5 a5 41. g4 axb4 42. axb4 Ra7 43. Bg6 Ra2+ 44. Kf3 Rb2 45. g5 Rxb4 46. f5 c5 47. f6 gxf6 48. gxf6 cxd4 49. e6 Nd6 50. Rc6 Rb3+ 51. Kf4 Nc8 52. f7 1-0

[Event "Bodensee Seniors op"]
[Site "Bregenz"]
[Date "2023.05.18"]
[Round "6"]
[White "Reiss, Siegfried"]
[Black "Van Oosten, Arend"]
[Result "1/2-1/2"]
[WhiteElo "1968"]
[BlackElo "2115"]
[PlyCount "59"]
[EventDate "2023.05.13"]
[EventType "swiss"]
[EventRounds "7"]
[EventCountry "AUT"]
[SourceTitle "CBM 214 Extra"]
[Source "ChessBase"]
[SourceDate "2023.07.31"]
[SourceVersion "1"]
[SourceVersionDate "2023.07.31"]
[SourceQuality "1"]

1. d4 e6 2. e4 d5 3. e5 c5 4. c3 Nc6 5. Nf3 Qb6 6. Bd3 Bd7 7. dxc5 Bxc5 8. 0-0 a5 9. Nbd2 a4 10. b4 axb3 11. Nxb3 Nge7 12. Nxc5 Qxc5 13. Qe2 Na5 14. Be3 Qc7 15. Rfb1 Nc4 16. Bd4 b5 17. Ng5 h6 18. Nh3 Nc6 19. f4 Nxd4 20. cxd4 0-0 21. Kh1 Ra3 22. Rb3 Rfa8 23. Rxa3 Rxa3 24. Rd1 Qa7 25. Bb1 b4 26. Nf2 Re3 27. Qc2 g6 28. Ng4 Rc3 29. Qf2 h5 30. Qh4 1/2-1/2

[Event "Bodensee Seniors op"]
[Site "Bregenz"]
[Date "2023.05.15"]
[Round "3"]
[White "Botvinnik, Alexey"]
[Black "Reiss, Siegfried"]
[Result "0-1"]
[WhiteElo "1808"]
[BlackElo "1968"]
[PlyCount "108"]
[EventDate "2023.05.13"]
[EventType "swiss"]
[EventRounds "7"]
[EventCountry "AUT"]
[SourceTitle "CBM 214 Extra"]
[Source "ChessBase"]
[SourceDate "2023.07.31"]
[SourceVersion "1"]
[SourceVersionDate "2023.07.31"]
[SourceQuality "1"]

1. e4 d5 2. exd5 Nf6 3. Nc3 Nxd5 4. Nxd5 Qxd5 5. Nf3 Nc6 6. Be2 e5 7. d3 Bf5 8. 0-0 0-0-0 9. Nh4 Be6 10. Bf3 Qd7 11. g3 Be7 12. Ng2 Nd4 13. Ne3 Nxf3+ 14. Qxf3 h5 15. a4 h4 16. a5 hxg3 17. fxg3 a6 18. b4 Qd4 19. Bd2 e4 20. Qf2 exd3 21. c3 Qe4 22. Rfe1 Qc6 23. Ng4 Bd6 24. Ne5 Bxe5 25. Rxe5 Rd5 26. Rae1 Rhd8 27. Qa7 Rxe5 28. Rxe5 Bh3 29. Qf2 Rd5 30. Rxd5 Qxd5 31. Be3 Qe4 32. Bd2 Qc6 33. Be1 f6 34. Bd2 Qe4 35. Be3 g5 36. Bd2 Qg4 37. Qe3 Qd7 38. Qf3 Qd6 39. Qe3 Qc6 40. Qf2 b6 41. axb6 cxb6 42. Be1 a5 43. bxa5 bxa5 44. Qa2 a4 45. Qg8+ Kb7 46. Qh7+ Qd7 47. Qe4+ Qc6 48. Qh7+ Qd7 49. Qe4+ Kb6 50. Bf2+ Kc7 51. Qc4+ Qc6 52. Qf7+ Bd7 53. g4 d2 54. Bg3+ Kb7 0-1

[Event "Zuoz Engiadina op 26th"]
[Site "Zuoz"]
[Date "2019.10.09"]
[Round "4"]
[White "Mueller, Werner3333"]
[Black "Reiss, Siegfried"]
[Result "1-0"]
[WhiteElo "1949"]
[BlackElo "2037"]
[PlyCount "85"]
[EventDate "2019.10.05"]
[EventType "swiss"]
[EventRounds "7"]
[EventCountry "SUI"]
[SourceTitle "EXT 2020"]
[Source "ChessBase"]
[SourceDate "2019.10.17"]
[SourceVersion "1"]
[SourceVersionDate "2019.10.17"]
[SourceQuality "1"]

1. e4 c6 2. d4 d5 3. Nd2 dxe4 4. Nxe4 Nf6 5. Nxf6+ exf6 6. c3 Bd6 7. Bd3 0-0 8. Ne2 Re8 9. Qc2 g6 10. Bh6 Qa5 11. 0-0 Bxh2+ 12. Kxh2 Qh5+ 13. Kg1 Qxh6 14. Qb3 Nd7 15. c4 f5 16. Nc3 Nf6 17. Rfe1 Bd7 18. Be2 f4 19. Bf3 g5 20. Ne4 g4 21. Nxf6+ Qxf6 22. Qxb7 gxf3 23. Qxd7 Re6 24. Rxe6 fxe6 25. Re1 fxg2 26. Rxe6 Qf8 27. Qxc6 Rd8 28. Qxg2+ Kh8 29. Qg5 Rxd4 30. Qe5+ Qg7+ 31. Qxg7+ Kxg7 32. Kg2 Rxc4 33. Re7+ Kg6 34. Rxa7 Rb4 35. b3 Rb8 36. Kf3 Rf8 37. Ra4 Kg5 38. Rc4 h5 39. a4 Rf5 40. b4 h4 41. Rc5 h3 42. Rxf5+ Kxf5 43. a5 1-0

[Event "Bodensee Seniors op"]
[Site "Bregenz"]
[Date "2019.06.01"]
[Round "7"]
[White "Reiss, Siegfried"]
[Black "Tiedt, Gunter"]
[Result "0-1"]
[WhiteElo "2029"]
[BlackElo "2122"]
[PlyCount "44"]
[EventDate "2019.05.26"]
[EventType "swiss"]
[EventRounds "7"]
[EventCountry "AUT"]
[SourceTitle "CBM 190 Extra"]
[Source "ChessBase"]
[SourceDate "2019.07.15"]
[SourceVersion "1"]
[SourceVersionDate "2019.07.15"]
[SourceQuality "1"]

1. d4 d5 2. e4 dxe4 3. Nc3 Nf6 4. f3 Bf5 5. fxe4 Nxe4 6. Qf3 Nd6 7. Bf4 e6 8. 0-0-0 h5 9. Qe3 Nd7 10. Nf3 Qe7 11. Ne5 f6 12. Nc4 Nxc4 13. Bxc4 0-0-0 14. Rhe1 g5 15. Bxc7 Kxc7 16. Nb5+ Kb8 17. Bxe6 Qxe6 18. Qg3+ Ne5 19. dxe5 Rxd1+ 20. Rxd1 Qxe5 21. Rd8+ Bc8 22. Qb3 Bc5 0-1

[Event "Bodensee Seniors op"]
[Site "Bregenz"]
[Date "2019.05.30"]
[Round "5"]
[White "Reiss, Siegfried"]
[Black "Chan, Peng Kong"]
[Result "1/2-1/2"]
[WhiteElo "2029"]
[BlackElo "2129"]
[PlyCount "53"]
[EventDate "2019.05.26"]
[EventType "swiss"]
[EventRounds "7"]
[EventCountry "AUT"]
[SourceTitle "CBM 190 Extra"]
[Source "ChessBase"]
[SourceDate "2019.07.15"]
[SourceVersion "1"]
[SourceVersionDate "2019.07.15"]
[SourceQuality "1"]

1. d4 g6 2. Nc3 Bg7 3. e4 d6 4. Bg5 h6 5. Be3 Nf6 6. Be2 c6 7. Nf3 b5 8. a3 Bb7 9. 0-0 0-0 10. Nd2 Nbd7 11. f4 a6 12. e5 Ne8 13. Nde4 d5 14. Ng3 e6 15. Qd2 Qe7 16. Nd1 Nc7 17. f5 exf5 18. Bxh6 Ne6 19. Bxg7 Kxg7 20. Rxf5 c5 21. c3 Rh8 22. Ne3 cxd4 23. cxd4 Qh4 24. Rh5 Rxh5 25. Bxh5 Qxd4 26. Qxd4 Nxd4 27. Rd1 1/2-1/2

[Event "Zuoz Engiadina op 25th"]
[Site "Zuoz"]
[Date "2018.10.11"]
[Round "6"]
[White "Reiss, Siegfried"]
[Black "Habibi, Ali"]
[Result "0-1"]
[WhiteElo "2046"]
[BlackElo "2236"]
[PlyCount "68"]
[EventDate "2018.10.06"]
[EventType "swiss"]
[EventRounds "7"]
[EventCountry "SUI"]
[SourceTitle "CBM 186 Extra"]
[Source "ChessBase"]
[SourceDate "2018.08.24"]
[SourceVersion "1"]
[SourceVersionDate "2018.08.24"]
[SourceQuality "1"]

1. d4 c5 2. d5 Nf6 3. Nc3 d6 4. e4 g6 5. Nf3 Bg7 6. Be2 0-0 7. 0-0 Nbd7 8. h3 a6 9. a4 b6 10. Bc4 Ne8 11. Re1 Rb8 12. Qd3 Nc7 13. Bf4 f6 14. Rad1 Kh8 15. Kh1 Ne5 16. Nxe5 fxe5 17. Be3 Qe8 18. Qf1 b5 19. axb5 axb5 20. Be2 b4 21. Nb1 Bd7 22. Nd2 Nb5 23. Bd3 Nd4 24. Ra1 b3 25. Bxd4 exd4 26. c4 dxc3 27. bxc3 Bxc3 28. Rad1 Qf7 29. Nf3 Bxe1 30. Qxe1 Qf6 31. e5 dxe5 32. Nxe5 Be8 33. Ng4 Qg7 34. Qe3 Bb5 0-1

[Event "Zuoz Engiadina op 25th"]
[Site "Zuoz"]
[Date "2018.10.10"]
[Round "5"]
[White "Studer, Vital Alexander"]
[Black "Reiss, Siegfried"]
[Result "0-1"]
[WhiteElo "2029"]
[BlackElo "2046"]
[PlyCount "70"]
[EventDate "2018.10.06"]
[EventType "swiss"]
[EventRounds "7"]
[EventCountry "SUI"]
[SourceTitle "CBM 186 Extra"]
[Source "ChessBase"]
[SourceDate "2018.08.24"]
[SourceVersion "1"]
[SourceVersionDate "2018.08.24"]
[SourceQuality "1"]

1. d4 d5 2. Nf3 Nc6 3. Bf4 Nf6 4. e3 Nh5 5. Bg5 h6 6. Bh4 g5 7. Ne5 Nxe5 8. dxe5 Ng7 9. Bg3 h5 10. f4 Nf5 11. Bf2 Bg7 12. c4 Be6 13. Nc3 c6 14. cxd5 cxd5 15. Bb5+ Kf8 16. 0-0 Qa5 17. a3 Rd8 18. Qd3 gxf4 19. exf4 d4 20. b4 Qc7 21. Ne4 a6 22. Rac1 Qb6 23. Bc4 Bxc4 24. Rxc4 Ne3 25. Bxe3 dxe3 26. Qxd8+ Qxd8 27. Rfc1 e2 28. Kf2 Qb6+ 29. Kxe2 Bh6 30. Ng3 Qg6 31. f5 Qg5 32. R1c3 h4 33. f6 Qxe5+ 34. Re4 Qxc3 35. fxe7+ Ke8 0-1

[Event "Zuoz Engiadina op 25th"]
[Site "Zuoz"]
[Date "2018.10.08"]
[Round "3"]
[White "Frey, Fabian"]
[Black "Reiss, Siegfried"]
[Result "1/2-1/2"]
[WhiteElo "1782"]
[BlackElo "2046"]
[PlyCount "60"]
[EventDate "2018.10.06"]
[EventType "swiss"]
[EventRounds "7"]
[EventCountry "SUI"]
[SourceTitle "CBM 186 Extra"]
[Source "ChessBase"]
[SourceDate "2018.08.24"]
[SourceVersion "1"]
[SourceVersionDate "2018.08.24"]
[SourceQuality "1"]

1. d4 d5 2. Bf4 Nc6 3. Nf3 Nf6 4. e3 Nh5 5. Bg3 Nxg3 6. hxg3 Bg4 7. c4 e6 8. a3 Be7 9. Nc3 0-0 10. Bd3 h6 11. cxd5 exd5 12. Bc2 Be6 13. Qd3 f5 14. Ne2 Bg5 15. Nf4 Bxf4 16. gxf4 Ne7 17. g4 Qe8 18. Ne5 Ng6 19. Nxg6 Qxg6 20. g5 hxg5 21. fxg5 Qxg5 22. 0-0-0 Qe7 23. f4 c5 24. dxc5 Qxc5 25. Kb1 Rac8 26. Bb3 Rfd8 27. Qe2 Qb6 28. Qd3 d4 29. Bxe6+ Qxe6 30. exd4 Rc4 1/2-1/2

[Event "Zuoz Engiadina op 25th"]
[Site "Zuoz"]
[Date "2018.10.06"]
[Round "1"]
[White "Del Val, Josefa"]
[Black "Reiss, Siegfried"]
[Result "0-1"]
[WhiteElo "1437"]
[BlackElo "2046"]
[PlyCount "69"]
[EventDate "2018.10.06"]
[EventType "swiss"]
[EventRounds "7"]
[EventCountry "SUI"]
[SourceTitle "CBM 186 Extra"]
[Source "ChessBase"]
[SourceDate "2018.08.24"]
[SourceVersion "1"]
[SourceVersionDate "2018.08.24"]
[SourceQuality "1"]

1. e4 d5 2. exd5 Nf6 3. d4 Bg4 4. Nf3 Qxd5 5. Be2 Nc6 6. Nc3 Qh5 7. Be3 0-0-0 8. Qc1 e6 9. h3 Nb4 10. 0-0 Bxf3 11. Bxf3 Qf5 12. Bd1 g5 13. a3 Nc6 14. g4 Qg6 15. Be2 Nxd4 16. Bxd4 Rxd4 17. Qe3 Bc5 18. Qe5 Bb6 19. Bd3 Qh6 20. Kg2 Rhd8 21. Ne2 Nd5 22. Qg3 Nf4+ 23. Nxf4 Rxf4 24. Rae1 Qf6 25. Re4 Rd4 26. Rxf4 Rxf4 27. Bxh7 Qxb2 28. h4 Qd4 29. f3 Qd2+ 30. Kh3 Qe2 31. Bd3 Qe5 32. h5 c5 33. h6 c4 34. Bxc4 Qh8 35. Rh1 0-1

[Event "Zuoz Engiadina op 24th"]
[Site "Zuoz"]
[Date "2017.10.14"]
[Round "7"]
[White "Reiss, Siegfried"]
[Black "Rusconi, Benito"]
[Result "1/2-1/2"]
[WhiteElo "2088"]
[BlackElo "1927"]
[PlyCount "36"]
[EventDate "2017.10.07"]
[EventType "swiss"]
[EventRounds "7"]
[EventCountry "SUI"]
[SourceTitle "CBM 181 Extra"]
[Source "ChessBase"]
[SourceDate "2017.12.12"]
[SourceVersion "1"]
[SourceVersionDate "2017.12.12"]
[SourceQuality "1"]

1. d4 d5 2. e4 dxe4 3. Nc3 e5 4. Nxe4 Nc6 5. Nf3 f5 6. Neg5 h6 7. d5 Nce7 8. Ne6 Bxe6 9. dxe6 Qxd1+ 10. Kxd1 0-0-0+ 11. Bd2 Ng6 12. c3 Bc5 13. Ke1 Nf6 14. Bc4 Ne4 15. Be3 Bxe3 16. fxe3 Rhe8 17. Ke2 Ng5 18. h4 Ne4 1/2-1/2

[Event "Zuoz Engiadina op 24th"]
[Site "Zuoz"]
[Date "2017.10.10"]
[Round "4"]
[White "Hoecker, Horst"]
[Black "Reiss, Siegfried"]
[Result "0-1"]
[WhiteElo "1609"]
[BlackElo "2088"]
[PlyCount "64"]
[EventDate "2017.10.07"]
[EventType "swiss"]
[EventRounds "7"]
[EventCountry "SUI"]
[SourceTitle "CBM 181 Extra"]
[Source "ChessBase"]
[SourceDate "2017.12.12"]
[SourceVersion "1"]
[SourceVersionDate "2017.12.12"]
[SourceQuality "1"]

1. c4 Nf6 2. Nc3 e6 3. g3 d5 4. cxd5 exd5 5. d4 Nc6 6. Bg2 Bb4 7. a3 Bxc3+ 8. bxc3 h6 9. Qc2 0-0 10. Nf3 Be6 11. 0-0 Qd7 12. Nd2 Bh3 13. Re1 Bxg2 14. Kxg2 Rfe8 15. Rb1 b6 16. f3 Ne7 17. e4 c6 18. e5 Nf5 19. Nf1 Nd6 20. Bxh6 gxh6 21. exf6 Re6 22. Qd2 Rxf6 23. Ne3 h5 24. Qe2 Re8 25. Qf1 Rfe6 26. Nc2 Nc4 27. Rxe6 Rxe6 28. Re1 a5 29. Qf2 Qe7 30. Rxe6 Qxe6 31. f4 Qf5 32. Qe2 Qxc2 0-1

[Event "Zuoz Engiadina op 23rd"]
[Site "Zuoz"]
[Date "2016.10.03"]
[Round "3"]
[White "Scheidegger, Urs"]
[Black "Reiss, Siegfried"]
[Result "1/2-1/2"]
[WhiteElo "1773"]
[BlackElo "2087"]
[PlyCount "47"]
[EventDate "2016.10.01"]
[EventType "swiss"]
[EventRounds "7"]
[EventCountry "SUI"]
[SourceTitle "EXT 2017"]
[Source "ChessBase"]
[SourceDate "2016.10.25"]
[SourceVersion "1"]
[SourceVersionDate "2016.10.25"]
[SourceQuality "1"]

1. e4 d5 2. exd5 Nf6 3. d4 Bg4 4. Be2 Bxe2 5. Nxe2 Qxd5 6. 0-0 e6 7. Nd2 Nc6 8. c4 Qd7 9. Nf3 Be7 10. h3 0-0 11. Be3 Rfd8 12. a3 a5 13. Qc2 a4 14. Rad1 Na5 15. Ne5 Qe8 16. Nc3 Nb3 17. c5 Nd5 18. c6 Na5 19. Nxa4 Nxc6 20. Nxc6 bxc6 21. Nc5 Rdb8 22. Bc1 Bd6 23. Rd3 Ne7 24. Ne4 1/2-1/2

[Event "SUI-ch op"]
[Site "Flims"]
[Date "2016.07.11"]
[Round "5"]
[White "Karl, Hans"]
[Black "Reiss, Siegfried"]
[Result "1/2-1/2"]
[WhiteElo "2103"]
[BlackElo "2073"]
[PlyCount "20"]
[EventDate "2016.07.08"]
[EventType "swiss"]
[EventRounds "9"]
[EventCountry "SUI"]
[SourceTitle "CBM 173 Extra"]
[Source "ChessBase"]
[SourceDate "2016.08.29"]
[SourceVersion "1"]
[SourceVersionDate "2016.08.29"]
[SourceQuality "1"]

1. d4 d5 2. Nf3 Nc6 3. Bf4 Nf6 4. e3 Nh5 5. Bg3 Nxg3 6. hxg3 g6 7. c4 e6 8. Nc3 Bg7 9. Be2 0-0 10. 0-0 dxc4 1/2-1/2

[Event "Bodensee op Seniors"]
[Site "Bregenz"]
[Date "2016.05.02"]
[Round "3"]
[White "Tesar, Peter"]
[Black "Reiss, Siegfried"]
[Result "1/2-1/2"]
[WhiteElo "1951"]
[BlackElo "2073"]
[PlyCount "44"]
[EventDate "2016.04.30"]
[EventType "swiss"]
[EventRounds "9"]
[EventCountry "AUT"]
[SourceTitle "CBM 172 Extra"]
[Source "ChessBase"]
[SourceDate "2016.06.21"]
[SourceVersion "1"]
[SourceVersionDate "2016.06.21"]
[SourceQuality "1"]

1. c4 e5 2. Nc3 Nf6 3. Nf3 Nc6 4. e4 Bb4 5. d3 d6 6. Be2 Bg4 7. h3 Be6 8. 0-0 h6 9. Nd5 Bc5 10. Be3 Nd4 11. Nxd4 Bxd4 12. Bxd4 exd4 13. Nf4 Bd7 14. Qd2 c5 15. b4 Qe7 16. bxc5 dxc5 17. Rab1 Rb8 18. Kh2 a6 19. Nd5 Nxd5 20. cxd5 b5 21. f4 f6 22. Rf2 Qd6 1/2-1/2

[Event "EU-chT Seniors"]
[Site "Vienna"]
[Date "2015.07.18"]
[Round "7.8"]
[White "Woeber, Friedrich"]
[Black "Reiss, Siegfried"]
[Result "1-0"]
[WhiteElo "2115"]
[BlackElo "2103"]
[PlyCount "111"]
[EventDate "2015.07.12"]
[EventType "team-swiss"]
[EventRounds "9"]
[EventCountry "AUT"]
[SourceTitle "EXT 2018"]
[Source "ChessBase"]
[SourceDate "2017.10.13"]
[SourceVersion "1"]
[SourceVersionDate "2017.10.13"]
[SourceQuality "1"]
[WhiteTeam "Niederoesterreich"]
[BlackTeam "Switzerland"]
[WhiteTeamCountry "AUT"]
[BlackTeamCountry "SUI"]

1. e4 d5 2. exd5 Nf6 3. c4 e6 4. dxe6 Bxe6 5. Nf3 Qe7 6. Qe2 Nc6 7. d4 Bf5 8. a3 0-0-0 9. d5 Na5 10. Nd4 Bg6 11. Be3 c5 12. Nc2 Nb3 13. Nc3 Bxc2 14. Qxc2 Nxa1 15. Qd1 Ne4 16. Qg4+ Kb8 17. Qxe4 Qxe4 18. Nxe4 Nc2+ 19. Kd2 Nxe3 20. fxe3 Be7 21. Bd3 f5 22. Ng3 g6 23. h4 Rde8 24. e4 f4 25. Ne2 Bd6 26. Ng1 Rhg8 27. Nf3 h6 28. Re1 Be5 29. b4 b6 30. Bc2 Kc7 31. bxc5 bxc5 32. Rb1 Re7 33. Rb5 Kd6 34. Ra5 Rb8 35. Nxe5 Kxe5 36. Rxc5 Kd4 37. Rc6 Rg7 38. e5 g5 39. h5 g4 40. Rg6 Rxg6 41. hxg6 Kxc4 42. d6 Kd5 43. g7 Kxe5 44. Bb3 Kxd6 45. g8Q Rxg8 46. Bxg8 h5 47. Ke2 h4 48. Kf2 Ke5 49. Bc4 Kf5 50. Ba6 Kg5 51. Bc8 Kh5 52. Ke2 Kg5 53. Kd3 f3 54. gxf3 g3 55. Bh3 Kf4 56. Ke2 1-0

[Event "EU-chT Seniors"]
[Site "Vienna"]
[Date "2015.07.14"]
[Round "3.3"]
[White "Bartsch, Berthold"]
[Black "Reiss, Siegfried"]
[Result "1/2-1/2"]
[WhiteElo "2316"]
[BlackElo "2103"]
[PlyCount "92"]
[EventDate "2015.07.12"]
[EventType "team-swiss"]
[EventRounds "9"]
[EventCountry "AUT"]
[SourceTitle "CBM 167 Extra"]
[Source "ChessBase"]
[SourceDate "2015.09.14"]
[SourceVersion "1"]
[SourceVersionDate "2015.09.14"]
[SourceQuality "1"]
[WhiteTeam "Germany"]
[BlackTeam "Switzerland"]
[WhiteTeamCountry "GER"]
[BlackTeamCountry "SUI"]

1. e4 d5 2. Nc3 dxe4 3. Nxe4 Nf6 4. Nxf6+ exf6 5. d4 Nc6 6. Nf3 Bd6 7. Be2 Bf5 8. a3 Qd7 9. 0-0 0-0 10. b4 Rfe8 11. Be3 Ne7 12. c4 Ng6 13. Qd2 c6 14. Rfd1 Rad8 15. a4 Be4 16. b5 f5 17. d5 c5 18. Qa2 f4 19. Bc1 Ne5 20. Qb3 Qg4 21. Bb2 Bxf3 22. Bxf3 Nxf3+ 23. Qxf3 Qxf3 24. gxf3 Re2 25. Bc3 Rde8 26. Re1 f6 27. Kf1 Rxe1+ 28. Bxe1 Be5 29. Rd1 Kf7 30. a5 Ke7 31. Bd2 Kd6 32. Re1 g5 33. Rb1 Bd4 34. a6 b6 35. Rd1 Re7 36. Bc1 Be5 37. Kg2 h5 38. Rh1 Bd4 39. Kf1 h4 40. Bd2 Re8 41. h3 Re7 42. Rg1 Re8 43. Rg4 Re7 44. Rg2 Re8 45. Rg1 Re7 46. Rg4 Re8 1/2-1/2

[Event "SUI-ch Seniors"]
[Site "Bern"]
[Date "2014.10.04"]
[Round "7"]
[White "Reiss, Siegfried"]
[Black "Eidinger, Helmut"]
[Result "1/2-1/2"]
[WhiteElo "2097"]
[BlackElo "2038"]
[PlyCount "27"]
[EventDate "2014.09.28"]
[EventType "tourn"]
[EventRounds "7"]
[EventCountry "SUI"]
[SourceTitle "EXT 2016"]
[Source "ChessBase"]
[SourceDate "2015.10.08"]
[SourceVersion "1"]
[SourceVersionDate "2015.10.08"]
[SourceQuality "1"]

1. d4 Nf6 2. Nc3 d5 3. e4 Nxe4 4. Nxe4 dxe4 5. Be3 Bf5 6. g4 Bg6 7. Ne2 Nc6 8. h4 h6 9. Nf4 Bh7 10. d5 Ne5 11. Be2 c6 12. Qd4 Nf3+ 13. Bxf3 exf3 14. 0-0-0 1/2-1/2

[Event "SUI-ch Seniors"]
[Site "Bern"]
[Date "2014.09.30"]
[Round "3"]
[White "Reiss, Siegfried"]
[Black "Gosch, Manfred"]
[Result "1/2-1/2"]
[WhiteElo "2097"]
[BlackElo "2051"]
[PlyCount "65"]
[EventDate "2014.09.28"]
[EventType "tourn"]
[EventRounds "7"]
[EventCountry "SUI"]
[SourceTitle "EXT 2016"]
[Source "ChessBase"]
[SourceDate "2015.10.08"]
[SourceVersion "1"]
[SourceVersionDate "2015.10.08"]
[SourceQuality "1"]

1. d4 d6 2. e4 g6 3. Nc3 Bg7 4. Nf3 Nf6 5. Be2 Bg4 6. 0-0 0-0 7. Be3 c6 8. Qd2 d5 9. e5 Ne8 10. Ng5 Bxe2 11. Nxe2 h6 12. Nh3 Kh7 13. f4 f5 14. exf6 exf6 15. f5 g5 16. Ng3 Nd6 17. b3 Nd7 18. Rae1 Re8 19. Nf2 a5 20. Qd1 Re7 21. Bd2 Qe8 22. Rxe7 Qxe7 23. Re1 Qf7 24. Re3 Bf8 25. a4 b6 26. Qf3 Re8 27. Qe2 Rxe3 28. Qxe3 Be7 29. Qf3 Bd8 30. Ne2 Qe8 31. Nc1 Bc7 32. h4 Kg7 33. Qg4 1/2-1/2

[Event "SUI-ch Seniors"]
[Site "Bern"]
[Date "2014.09.29"]
[Round "2"]
[White "Hohler, Peter"]
[Black "Reiss, Siegfried"]
[Result "1/2-1/2"]
[WhiteElo "2171"]
[BlackElo "2097"]
[PlyCount "36"]
[EventDate "2014.09.28"]
[EventType "tourn"]
[EventRounds "7"]
[EventCountry "SUI"]
[SourceTitle "EXT 2016"]
[Source "ChessBase"]
[SourceDate "2015.10.08"]
[SourceVersion "1"]
[SourceVersionDate "2015.10.08"]
[SourceQuality "1"]

1. d4 e6 2. Nf3 f5 3. Bg5 Be7 4. Bxe7 Qxe7 5. Nbd2 Nf6 6. g3 0-0 7. Bg2 d6 8. 0-0 e5 9. dxe5 dxe5 10. e3 e4 11. Nd4 c5 12. N4b3 Nc6 13. Qe2 b6 14. Rad1 Bb7 15. Kh1 Ne5 16. h3 Rad8 17. Nb1 Nd5 18. a3 Rd6 1/2-1/2

[Event "Flims op 3rd"]
[Site "Flims"]
[Date "2014.06.11"]
[Round "3"]
[White "Reiss, Siegfried"]
[Black "Tuor, Elena"]
[Result "1-0"]
[WhiteElo "2083"]
[BlackElo "1566"]
[PlyCount "51"]
[EventDate "2014.06.09"]
[EventType "swiss"]
[EventRounds "5"]
[EventCountry "SUI"]
[SourceTitle "CBM 160 Extra"]
[Source "ChessBase"]
[SourceDate "2014.07.01"]
[SourceVersion "1"]
[SourceVersionDate "2014.07.01"]
[SourceQuality "1"]

1. d4 e6 2. e4 Nf6 3. e5 Nd5 4. Nc3 Bb4 5. Qg4 0-0 6. Bh6 Bxc3+ 7. bxc3 g6 8. c4 f5 9. Qg3 Nb4 10. Qc3 Qe7 11. a3 N4a6 12. Nf3 Rf7 13. Ng5 d6 14. f4 dxe5 15. fxe5 c6 16. Be2 Nd7 17. 0-0 Nf8 18. Rab1 b6 19. Rf2 Bd7 20. Rbf1 Nc7 21. Nf3 Be8 22. Bg5 Qd7 23. g3 Rg7 24. Bf6 Rf7 25. g4 fxg4 26. Ng5 1-0

[Event "Liechtenstein op Seniors"]
[Site "Triesen"]
[Date "2013.05.10"]
[Round "8"]
[White "Hicker, Harald"]
[Black "Reiss, Siegfried"]
[Result "1-0"]
[WhiteElo "2051"]
[BlackElo "2099"]
[PlyCount "42"]
[EventDate "2013.05.03"]
[EventType "swiss"]
[EventRounds "9"]
[EventCountry "LIE"]
[SourceTitle "CBM 154 Extra"]
[Source "ChessBase"]
[SourceDate "2013.06.25"]
[SourceVersion "2"]
[SourceVersionDate "2013.06.25"]
[SourceQuality "1"]

1. d4 d5 2. c4 e5 3. dxe5 d4 4. Nf3 Nc6 5. Nbd2 Qe7 6. Nb3 Bg4 7. Nbxd4 0-0-0 8. e3 Nxe5 9. Qa4 Bxf3 10. Nxf3 Qb4+ 11. Qxb4 Bxb4+ 12. Nd2 Nf6 13. a3 Be7 14. Be2 Nd3+ 15. Bxd3 Rxd3 16. 0-0 Ng4 17. Nf3 Bf6 18. Rb1 Ne5 19. Nxe5 Bxe5 20. f4 Bf6 21. Kf2 Rhd8 1-0

[Event "SUI-ch Seniors"]
[Site "Flims"]
[Date "2012.07.??"]
[Round "5"]
[White "Hohler, Peter"]
[Black "Reiss, Siegfried"]
[Result "1/2-1/2"]
[WhiteElo "2194"]
[BlackElo "2099"]
[PlyCount "51"]
[EventDate "2012.07.??"]
[EventType "tourn"]
[EventRounds "7"]
[EventCountry "SUI"]
[SourceTitle "EXT 2013"]
[Source "ChessBase"]
[SourceDate "2012.11.22"]
[SourceVersion "1"]
[SourceVersionDate "2012.11.22"]
[SourceQuality "1"]

1. d4 d5 2. c4 e5 3. dxe5 d4 4. Nf3 Nc6 5. a3 Bg4 6. Nbd2 Qe7 7. h3 Bf5 8. Qa4 Bd7 9. Qb3 0-0-0 10. g3 f6 11. exf6 Nxf6 12. Bg2 Qc5 13. 0-0 Bd6 14. Qb5 Qb6 15. b4 Ne5 16. Qxb6 Nxf3+ 17. Nxf3 axb6 18. e3 Be6 19. Nxd4 Bxc4 20. Rd1 c5 21. bxc5 bxc5 22. Nf3 Bb3 23. Re1 c4 24. Bb2 Bc5 25. Rac1 Ne4 26. Nd4 1/2-1/2

[Event "SUI-ch Seniors"]
[Site "Flims"]
[Date "2012.07.??"]
[Round "4"]
[White "Reiss, Siegfried"]
[Black "Huss, Benjamin"]
[Result "1/2-1/2"]
[WhiteElo "2099"]
[BlackElo "2128"]
[PlyCount "52"]
[EventDate "2012.07.??"]
[EventType "tourn"]
[EventRounds "7"]
[EventCountry "SUI"]
[SourceTitle "EXT 2013"]
[Source "ChessBase"]
[SourceDate "2012.11.22"]
[SourceVersion "1"]
[SourceVersionDate "2012.11.22"]
[SourceQuality "1"]

1. d4 c5 2. e4 cxd4 3. Nf3 Nc6 4. c3 d3 5. Bxd3 d6 6. 0-0 g6 7. Bc4 Bg7 8. Ng5 Nh6 9. h3 0-0 10. Be3 Kh8 11. Nd2 Ne5 12. Bb3 f6 13. Ne6 Bxe6 14. Bxe6 Qc7 15. f4 Nc6 16. Nf3 Nf7 17. Nd4 Nfd8 18. Bb3 Nxd4 19. cxd4 e6 20. Rc1 Qe7 21. Qd2 f5 22. exf5 gxf5 23. d5 e5 24. Rc2 exf4 25. Bxf4 Nf7 26. Rf2 Qf6 1/2-1/2